[Event "Ch_SFO"]
[Site "?"]
[Date "2018.03.21"]
[Round "9.4"]
[White "Erdenieva, Oyuna"]
[Black "Zotova, Anastasia"]
[Result "1/2-1/2"]
[BlackElo "2032"]
[WhiteElo "2079"]
[LiveChessVersion "1.4.8"]

1. d4 {[%clk 1:30:55]} Nf6 {[%clk 1:30:56]} 2. c4 {[%clk 1:31:22]} g6
{[%clk 1:31:21]} 3. g3 {[%clk 1:31:43]} Bg7 {[%clk 1:31:44]} 4. Bg2
{[%clk 1:32:27]} c5 {[%clk 1:32:04]} 5. Nf3 cxd4 {[%clk 1:29:08]} 6. Nxd4
{[%clk 1:32:25]} O-O {[%clk 1:28:23]} 7. O-O {[%clk 1:32:42]} d5 {[%clk 1:28:35]}
8. cxd5 {[%clk 1:32:32]} Nxd5 {[%clk 1:28:58]} 9. Nc3 {[%clk 1:31:57]} Nxc3
{[%clk 1:29:05]} 10. bxc3 {[%clk 1:32:20]} a6 {[%clk 1:28:46]} 11. Ba3
{[%clk 1:30:35]} Qc7 {[%clk 1:28:02]} 12. Qb3 {[%clk 1:27:21]} Nc6
{[%clk 1:22:30]} 13. Nxc6 {[%clk 1:26:46]} bxc6 {[%clk 1:22:59]} 14. Rab1
{[%clk 1:14:52]} Be6 {[%clk 1:18:21]} 15. Qb7 {[%clk 1:14:16]} Rfc8
{[%clk 1:18:31]} 16. Bxe7 {[%clk 1:06:48]} Bxa2 {[%clk 1:17:48]} 17. Qxc7
{[%clk 1:06:26]} Rxc7 {[%clk 1:18:11]} 18. Bd6 {[%clk 1:06:47]} Rcc8
{[%clk 1:10:42]} 19. Rb6 {[%clk 1:05:15]} Bxc3 {[%clk 1:09:43]} 20. Bxc6
{[%clk 1:03:41]} Ba5 {[%clk 1:06:49]} 21. Bxa8 {[%clk 1:02:04]} Bxb6
{[%clk 1:07:13]} 22. Bb7 {[%clk 1:02:09]} Rd8 {[%clk 1:07:30]} 23. Bb4
{[%clk 0:58:50]} Bc4 {[%clk 1:06:45]} 24. Rb1 {[%clk 0:38:51]} Rb8
{[%clk 1:02:46]} 25. Be4 {[%clk 0:37:21]} Re8 {[%clk 1:02:25]} 26. Bc3
{[%clk 0:32:12]} Rxe4 {[%clk 0:56:55]} 27. Rxb6 {[%clk 0:32:28]} Bb5
{[%clk 0:57:21]} 28. Rb8+ {[%clk 0:24:53]} Re8 {[%clk 0:57:46]} 29. Rxe8+
{[%clk 0:25:04]} Bxe8 {[%clk 0:58:15]} 30. Kf1 {[%clk 0:24:59]} f5
{[%clk 0:58:36]} 31. Ke1 {[%clk 0:24:43]} Kf7 {[%clk 0:58:58]} 32. Kd2
{[%clk 0:24:07]} Ke6 {[%clk 0:59:18]} 33. Ba5 {[%clk 0:16:43]} Kd5
{[%clk 0:59:38]} 34. f3 {[%clk 0:16:47]} Kc4 {[%clk 0:59:24]} 35. Bd8
{[%clk 0:16:32]} Kb4 {[%clk 0:58:51]} 36. e4 {[%clk 0:15:47]} fxe4
{[%clk 0:59:03]} 37. fxe4 {[%clk 0:16:14]} Kc5 {[%clk 0:57:47]} 38. Ke3
{[%clk 0:16:24]} Kd6 {[%clk 0:58:04]} 39. Kf4 {[%clk 0:16:23]} Ke6
{[%clk 0:58:26]} 40. h4 {[%clk 0:16:08]} h5 {[%clk 0:56:53]} 41. Bc7
{[%clk 0:16:07]} Bc6 {[%clk 0:57:07]} 42. Ba5 {[%clk 0:16:13]} Be8
{[%clk 0:57:08]} 43. Bb4 {[%clk 0:16:31]} Bc6 {[%clk 0:57:29]} 44. Bc3
{[%clk 0:16:53]} Be8 {[%clk 0:56:59]} 45. Kg5 {[%clk 0:16:38]} Kf7
{[%clk 0:56:44]} 46. Ba5 {[%clk 0:14:37]} Bc6 {[%clk 0:56:58]} 1/2-1/2

[Event "Ch_SFO"]
[Site "?"]
[Date "2018.03.21"]
[Round "9.5"]
[White "Tsydypov, Zhamsaran"]
[Black "Bocharov, Ivan"]
[Result "1/2-1/2"]
[BlackElo "2530"]
[WhiteElo "2523"]
[LiveChessVersion "1.4.8"]

1. e4 {[%clk 1:17:53]} e5 {[%clk 1:30:55]} 2. Nf3 {[%clk 1:18:14]} Nc6
{[%clk 1:31:23]} 3. Bb5 {[%clk 1:18:34]} a6 {[%clk 1:31:47]} 4. Ba4
{[%clk 1:19:00]} Nf6 {[%clk 1:32:12]} 5. O-O {[%clk 1:18:53]} Be7
{[%clk 1:32:35]} 6. Re1 {[%clk 1:18:45]} b5 {[%clk 1:32:57]} 7. Bb3
{[%clk 1:19:14]} d6 {[%clk 1:33:21]} 8. c3 {[%clk 1:18:45]} O-O {[%clk 1:32:42]}
9. h3 {[%clk 1:16:54]} Bb7 {[%clk 1:32:44]} 10. d4 {[%clk 1:16:36]} Re8
{[%clk 1:33:12]} 11. Nbd2 {[%clk 1:16:34]} Bf8 {[%clk 1:33:33]} 12. a3
{[%clk 1:16:29]} h6 {[%clk 1:33:50]} 13. Ba2 {[%clk 1:16:42]} Nb8
{[%clk 1:33:46]} 14. Qc2 {[%clk 1:12:17]} Nbd7 {[%clk 1:32:34]} 15. a4
{[%clk 1:10:20]} d5 {[%clk 1:23:21]} 16. exd5 {[%clk 1:05:17]} exd4
{[%clk 1:23:19]} 17. Rxe8 {[%clk 1:05:07]} Qxe8 {[%clk 1:23:40]} 18. Nxd4
{[%clk 1:04:41]} Nb6 {[%clk 1:21:38]} 19. N2f3 {[%clk 1:02:42]} Nbxd5
{[%clk 1:15:15]} 20. Bd2 {[%clk 1:02:06]} c5 {[%clk 1:12:37]} 21. Re1
{[%clk 1:01:15]} Qd7 {[%clk 1:12:03]} 22. Ne5 {[%clk 0:53:43]} Qc7
{[%clk 1:11:49]} 23. Ndf3 {[%clk 0:53:22]} c4 {[%clk 1:08:39]} 24. b3
{[%clk 0:47:42]} cxb3 {[%clk 1:07:13]} 25. Qxb3 {[%clk 0:48:00]} Bd6
{[%clk 1:01:02]} 26. c4 {[%clk 0:47:08]} Re8 {[%clk 0:56:09]} 27. Qb2
{[%clk 0:45:59]} bxc4 {[%clk 0:54:30]} 28. Nxc4 {[%clk 0:39:08]} Rxe1+
{[%clk 0:53:43]} 29. Bxe1 {[%clk 0:39:29]} Bc5 {[%clk 0:52:03]} 30. Ba5
{[%clk 0:38:55]} Qe7 {[%clk 0:51:08]} 31. Nce5 {[%clk 0:38:59]} Ne4
{[%clk 0:50:04]} 32. Nd3 {[%clk 0:34:32]} Ba7 {[%clk 0:44:42]} 33. Bd8
{[%clk 0:32:13]} Qd7 {[%clk 0:44:24]} 34. Nfe5 {[%clk 0:32:35]} Qc8
{[%clk 0:37:37]} 35. a5 {[%clk 0:30:38]} Nec3 {[%clk 0:26:25]} 36. Bc4
{[%clk 0:30:27]} Ba8 {[%clk 0:25:13]} 37. Be7 {[%clk 0:25:43]} Bd4
{[%clk 0:21:03]} 38. Bb4 {[%clk 0:24:46]} Qc7 {[%clk 0:20:10]} 39. Bxc3
{[%clk 0:24:01]} Bxc3 {[%clk 0:20:32]} 40. Qe2 {[%clk 0:19:55]} Bxe5
{[%clk 0:18:58]} 41. Nxe5 {[%clk 0:20:13]} Qxa5 {[%clk 0:17:55]} 42. Qe4
{[%clk 0:16:10]} Qa1+ {[%clk 0:07:02]} 43. Kh2 {[%clk 0:16:37]} Qa5
{[%clk 0:07:20]} 44. Kg1 {[%clk 0:16:29]} Qa1+ {[%clk 0:07:21]} 45. Kh2
{[%clk 0:16:51]} Qa5 {[%clk 0:07:50]} 46. Bd3 {[%clk 0:16:00]} Qd2
{[%clk 0:05:13]} 47. Qh7+ {[%clk 0:12:44]} Kf8 {[%clk 0:05:43]} 48. Qh8+
{[%clk 0:12:57]} Ke7 {[%clk 0:06:12]} 49. Qxg7 {[%clk 0:12:18]} Qxf2
{[%clk 0:06:41]} 50. Ng6+ {[%clk 0:11:53]} Kd7 {[%clk 0:06:54]} 51. Ne5+
{[%clk 0:08:48]} Ke7 {[%clk 0:07:23]} 52. Ng6+ {[%clk 0:08:47]} Kd7
{[%clk 0:07:52]} 53. Qf8 {[%clk 0:06:38]} Qf6 {[%clk 0:07:48]} 54. Qxa8
{[%clk 0:06:20]} Qd6+ {[%clk 0:08:09]} 55. Kh1 {[%clk 0:05:33]} 1/2-1/2

[Event "Ch_SFO"]
[Site "?"]
[Date "2018.03.21"]
[Round "9.6"]
[White "Sviridov, Valery"]
[Black "Khanin, Semen"]
[Result "1-0"]
[BlackElo "2463"]
[WhiteElo "2506"]
[LiveChessVersion "1.4.8"]

1. g3 {[%clk 1:30:56]} Nf6 {[%clk 1:28:11]} 2. Bg2 {[%clk 1:31:17]} g6
{[%clk 1:27:36]} 3. c4 {[%clk 1:31:26]} Bg7 {[%clk 1:26:22]} 4. Nc3
{[%clk 1:31:41]} O-O {[%clk 1:26:30]} 5. d4 {[%clk 1:30:45]} d6 {[%clk 1:26:05]}
6. Nf3 {[%clk 1:30:53]} Nbd7 {[%clk 1:26:26]} 7. O-O {[%clk 1:31:07]} e5
{[%clk 1:26:49]} 8. e4 {[%clk 1:29:46]} Re8 {[%clk 1:25:51]} 9. h3
{[%clk 1:29:13]} exd4 {[%clk 1:25:08]} 10. Nxd4 {[%clk 1:29:35]} Nc5
{[%clk 1:25:34]} 11. Re1 {[%clk 1:29:48]} Bd7 {[%clk 1:25:24]} 12. Rb1
{[%clk 1:27:00]} h6 {[%clk 1:25:28]} 13. b3 {[%clk 1:23:53]} a6 {[%clk 1:23:07]}
14. Bf4 {[%clk 1:11:47]} Nh7 {[%clk 1:19:23]} 15. Qd2 {[%clk 1:10:11]} Ng5
{[%clk 1:16:38]} 16. b4 {[%clk 0:56:29]} Nce6 {[%clk 1:07:32]} 17. Nxe6
{[%clk 0:56:15]} Bxe6 {[%clk 1:07:58]} 18. h4 {[%clk 0:56:33]} Nh3+
{[%clk 1:08:24]} 19. Bxh3 {[%clk 0:56:56]} Bxh3 {[%clk 1:08:50]} 20. Qe3
{[%clk 0:57:08]} Be6 {[%clk 1:02:45]} 21. Nd5 {[%clk 0:56:22]} Bxd5
{[%clk 0:52:59]} 22. cxd5 {[%clk 0:55:31]} Kh7 {[%clk 0:50:59]} 23. Rbc1
{[%clk 0:55:03]} Qd7 {[%clk 0:48:29]} 24. Rc4 {[%clk 0:52:08]} f5
{[%clk 0:48:48]} 25. Rec1 {[%clk 0:45:42]} Rac8 {[%clk 0:48:49]} 26. Qa7
{[%clk 0:45:34]} Rxe4 {[%clk 0:42:44]} 27. Qxb7 {[%clk 0:43:37]} Rxc4
{[%clk 0:42:10]} 28. Rxc4 {[%clk 0:43:59]} Qb5 {[%clk 0:41:47]} 29. Qc6
{[%clk 0:41:05]} Rb8 {[%clk 0:38:18]} 30. Qxb5 {[%clk 0:39:41]} Rxb5
{[%clk 0:38:44]} 31. Rxc7 {[%clk 0:40:02]} Rxd5 {[%clk 0:36:39]} 32. Ra7
{[%clk 0:40:07]} Rd4 {[%clk 0:33:26]} 33. a3 {[%clk 0:40:28]} Rd3
{[%clk 0:33:47]} 34. Rxa6 {[%clk 0:40:51]} d5 {[%clk 0:34:14]} 35. b5
{[%clk 0:40:46]} Rb3 {[%clk 0:33:48]} 36. a4 {[%clk 0:40:53]} d4 {[%clk 0:33:27]}
37. Rd6 {[%clk 0:40:48]} g5 {[%clk 0:32:44]} 38. hxg5 {[%clk 0:41:11]} hxg5
{[%clk 0:33:11]} 39. Bxg5 {[%clk 0:41:29]} Rb4 {[%clk 0:33:25]} 40. Rd7
{[%clk 0:39:57]} Kg6 {[%clk 0:33:49]} 41. Bd2 {[%clk 0:40:21]} Rxa4 42. Rd6+
{[%clk 0:37:57]} Kf7 {[%clk 0:33:39]} 43. Ra6 {[%clk 0:36:53]} Rc4
{[%clk 0:33:50]} 44. b6 {[%clk 0:35:21]} Rc2 {[%clk 0:33:35]} 45. Bf4
{[%clk 0:32:06]} d3 {[%clk 0:33:23]} 46. b7 {[%clk 0:31:27]} d2 {[%clk 0:33:45]}
47. Bxd2 {[%clk 0:31:50]} Be5 {[%clk 0:34:12]} 48. Ra5 {[%clk 0:31:52]} Bc7
{[%clk 0:34:12]} 49. Bf4 {[%clk 0:32:05]} Bxf4 {[%clk 0:34:26]} 50. Rxf5+
{[%clk 0:32:28]} Kg6 {[%clk 0:34:52]} 51. Rxf4 {[%clk 0:32:53]} Rb2
{[%clk 0:35:19]} 52. Kg2 {[%clk 0:33:14]} Rxb7 {[%clk 0:35:45]} 53. Ra4
{[%clk 0:33:38]} Kf5 {[%clk 0:36:12]} 54. g4+ {[%clk 0:34:00]} Kg5
{[%clk 0:36:38]} 55. Kg3 {[%clk 0:34:24]} Rb3+ {[%clk 0:36:58]} 56. f3
{[%clk 0:34:48]} Rc3 {[%clk 0:37:21]} 57. Ra5+ {[%clk 0:35:12]} Kg6
{[%clk 0:37:48]} 58. Re5 {[%clk 0:34:54]} Kf6 {[%clk 0:38:13]} 59. Re4
{[%clk 0:35:01]} Kg5 {[%clk 0:38:39]} 60. Kf2 {[%clk 0:34:48]} Kh4
{[%clk 0:38:54]} 61. Re8 {[%clk 0:34:43]} Rc2+ {[%clk 0:38:22]} 62. Ke3
{[%clk 0:33:48]} Kg5 {[%clk 0:38:47]} 63. Re5+ {[%clk 0:34:00]} Kh4
{[%clk 0:38:58]} 64. Kf4 {[%clk 0:34:19]} Rc4+ {[%clk 0:39:23]} 65. Kf5
{[%clk 0:33:21]} Rc8 {[%clk 0:39:37]} 66. g5 {[%clk 0:33:05]} Kh5
{[%clk 0:39:34]} 67. Kf4 {[%clk 0:29:43]} Rc4+ {[%clk 0:39:14]} 68. Kg3
{[%clk 0:30:06]} Ra4 {[%clk 0:39:19]} 69. Rf5 {[%clk 0:30:19]} Ra1
{[%clk 0:39:13]} 70. f4 {[%clk 0:30:32]} Ra3+ {[%clk 0:39:39]} 71. Kf2
{[%clk 0:30:54]} Rb3 {[%clk 0:37:07]} 72. Rf6 {[%clk 0:31:12]} Ra3
{[%clk 0:33:21]} 73. g6 {[%clk 0:31:19]} Kh6 {[%clk 0:33:18]} 74. f5
{[%clk 0:31:42]} Kg7 {[%clk 0:31:41]} 75. Rf7+ {[%clk 0:31:58]} Kg8
{[%clk 0:32:08]} 76. Rh7 {[%clk 0:32:08]} Ra5 {[%clk 0:32:28]} 77. Rh5
{[%clk 0:32:31]} Ra4 {[%clk 0:31:54]} 78. Kf3 {[%clk 0:32:50]} Ra5
{[%clk 0:32:00]} 79. Kg4 {[%clk 0:33:11]} Ra4+ {[%clk 0:32:18]} 80. Kg5
{[%clk 0:33:35]} Ra1 {[%clk 0:32:35]} 81. Rh4 {[%clk 0:33:31]} 1-0

[Event "Ch_SFO"]
[Site "?"]
[Date "2018.03.21"]
[Round "9.7"]
[White "Khegay, Dmitriy"]
[Black "Anikonov, Dmitry"]
[Result "1-0"]
[BlackElo "2398"]
[WhiteElo "2485"]
[LiveChessVersion "1.4.8"]

1. Nf3 {[%clk 1:28:22]} Nf6 {[%clk 1:30:39]} 2. g3 {[%clk 1:28:47]} g6
{[%clk 1:30:05]} 3. b3 {[%clk 1:29:01]} Bg7 {[%clk 1:29:39]} 4. Bb2
{[%clk 1:29:25]} d5 {[%clk 1:28:52]} 5. Bg2 {[%clk 1:29:49]} O-O {[%clk 1:29:00]}
6. O-O {[%clk 1:30:15]} c6 {[%clk 1:26:35]} 7. d3 {[%clk 1:30:38]} Nbd7
{[%clk 1:21:14]} 8. Nbd2 {[%clk 1:30:56]} Re8 {[%clk 1:20:22]} 9. d4
{[%clk 1:11:57]} e5 {[%clk 1:10:58]} 10. Nxe5 {[%clk 1:09:27]} Nxe5
{[%clk 1:10:41]} 11. dxe5 {[%clk 1:09:53]} Ng4 {[%clk 1:11:05]} 12. c4
{[%clk 1:04:53]} Be6 {[%clk 1:01:47]} 13. cxd5 {[%clk 0:55:00]} Bxd5
{[%clk 1:02:13]} 14. e4 {[%clk 0:55:26]} Be6 {[%clk 1:02:40]} 15. Nf3
{[%clk 0:55:47]} Qa5 {[%clk 1:01:09]} 16. Qe1 {[%clk 0:50:27]} Qc7
{[%clk 1:00:09]} 17. Qc3 {[%clk 0:27:25]} Bc8 {[%clk 0:58:46]} 18. Kh1
{[%clk 0:27:41]} Nxe5 {[%clk 0:55:14]} 19. Ne1 {[%clk 0:27:53]} f5
{[%clk 0:54:41]} 20. f4 {[%clk 0:27:31]} Ng4 {[%clk 0:54:33]} 21. e5
{[%clk 0:25:57]} Qb6 {[%clk 0:54:39]} 22. Ba3 {[%clk 0:02:58]} Bf8
{[%clk 0:52:30]} 23. Bxf8 {[%clk 0:03:19]} Kxf8 {[%clk 0:52:11]} 24. Nf3
{[%clk 0:00:47]} Nf2+ {[%clk 0:39:56]} 25. Rxf2 {[%clk 0:01:13]} Qxf2
{[%clk 0:40:22]} 26. Ng5 {[%clk 0:01:40]} h6 {[%clk 0:35:04]} 27. e6
{[%clk 0:01:47]} Ke7 {[%clk 0:33:30]} 28. Qg7+ {[%clk 0:01:57]} Kd6
{[%clk 0:33:59]} 29. Qe5+ {[%clk 0:02:16]} 1-0

[Event "Ch_SFO"]
[Site "?"]
[Date "2018.03.21"]
[Round "9.8"]
[White "Belozerov, Andrei"]
[Black "Grachev, Alexey"]
[Result "1-0"]
[BlackElo "2088"]
[WhiteElo "2526"]
[LiveChessVersion "1.4.8"]

1. e4 {[%clk 1:20:48]} c5 {[%clk 1:30:55]} 2. Nf3 {[%clk 1:21:10]} Nf6
{[%clk 1:31:20]} 3. e5 {[%clk 1:18:07]} Nd5 {[%clk 1:31:37]} 4. d4
{[%clk 1:18:18]} cxd4 {[%clk 1:32:00]} 5. Qxd4 {[%clk 1:18:40]} e6
{[%clk 1:32:22]} 6. Bc4 {[%clk 1:18:58]} Nc6 {[%clk 1:32:35]} 7. Qe4
{[%clk 1:19:17]} f5 {[%clk 1:29:21]} 8. Qe2 {[%clk 1:18:50]} Qa5+
{[%clk 1:29:26]} 9. Bd2 {[%clk 1:15:09]} Nf4 {[%clk 1:29:20]} 10. Qf1
{[%clk 1:03:51]} Qb6 {[%clk 1:28:26]} 11. Bxf4 {[%clk 0:59:38]} Qxb2
{[%clk 1:28:34]} 12. Qd3 {[%clk 0:59:22]} Nb4 {[%clk 1:08:47]} 13. Qc3
{[%clk 0:50:17]} Qxa1 {[%clk 0:59:29]} 14. Qxa1 {[%clk 0:50:09]} Nxc2+
{[%clk 0:59:55]} 15. Kd2 {[%clk 0:47:08]} Nxa1 {[%clk 1:00:15]} 16. Nc3
{[%clk 0:47:30]} Bb4 {[%clk 1:00:39]} 17. Rxa1 {[%clk 0:47:36]} b6
{[%clk 0:52:21]} 18. a3 {[%clk 0:45:43]} Be7 {[%clk 0:49:26]} 19. Nb5
{[%clk 0:42:25]} O-O {[%clk 0:48:51]} 20. Nd6 {[%clk 0:42:13]} b5
{[%clk 0:43:27]} 21. Bxb5 {[%clk 0:40:10]} Rb8 {[%clk 0:43:26]} 22. a4
{[%clk 0:39:54]} a6 {[%clk 0:34:56]} 23. Bd3 {[%clk 0:38:58]} Bb7
{[%clk 0:33:20]} 24. Ke1 {[%clk 0:35:26]} Bxf3 {[%clk 0:23:39]} 25. gxf3
{[%clk 0:35:42]} Rb6 {[%clk 0:20:12]} 26. a5 {[%clk 0:28:53]} Rc6
{[%clk 0:19:41]} 27. Rb1 {[%clk 0:28:37]} g5 {[%clk 0:18:13]} 28. Be3
{[%clk 0:28:28]} Bxd6 {[%clk 0:18:02]} 29. exd6 {[%clk 0:28:42]} Rxd6
{[%clk 0:18:29]} 30. Ke2 {[%clk 0:27:32]} Rd5 {[%clk 0:11:30]} 31. Bb6
{[%clk 0:27:36]} Re5+ {[%clk 0:10:42]} 32. Kd2 {[%clk 0:26:31]} Rd5
{[%clk 0:10:42]} 33. Rc1 {[%clk 0:25:55]} Ra8 {[%clk 0:10:17]} 34. Rc7
{[%clk 0:25:25]} Kf7 {[%clk 0:10:21]} 35. Kc3 {[%clk 0:22:02]} Ke8
{[%clk 0:08:26]} 36. Bc4 {[%clk 0:22:16]} Rd1 {[%clk 0:08:30]} 37. Bb3
{[%clk 0:21:23]} Re1 {[%clk 0:04:02]} 38. Kd3 {[%clk 0:18:44]} Re5
{[%clk 0:03:38]} 39. Bc4 {[%clk 0:18:07]} f4 {[%clk 0:03:14]} 40. Bb3
{[%clk 0:17:55]} Rb5 {[%clk 0:03:09]} 41. Bc4 {[%clk 0:16:29]} Re5
{[%clk 0:03:36]} 42. Kd4 {[%clk 0:16:38]} Rf5 {[%clk 0:03:37]} 43. Bd3
{[%clk 0:16:17]} Rf7 {[%clk 0:01:33]} 44. Ke5 {[%clk 0:15:54]} Ke7
{[%clk 0:01:18]} 45. Bc5+ {[%clk 0:16:01]} Kd8 {[%clk 0:01:45]} 46. Bd6
{[%clk 0:16:04]} Rb8 {[%clk 0:00:38]} 47. Ra7 {[%clk 0:16:01]} Rf5+
{[%clk 0:00:36]} 48. Bxf5 {[%clk 0:16:02]} Rb5+ {[%clk 0:01:04]} 49. Kf6 1-0

[Event "Ch_SFO"]
[Site "?"]
[Date "2018.03.21"]
[Round "9.9"]
[White "Tsybikov, Tumen"]
[Black "Efanov, Mikhail"]
[Result "1-0"]
[BlackElo "2165"]
[WhiteElo "2213"]
[LiveChessVersion "1.4.8"]

1. e4 {[%clk 1:30:57]} Nf6 {[%clk 1:30:53]} 2. e5 {[%clk 1:31:21]} Nd5
{[%clk 1:31:20]} 3. d4 {[%clk 1:31:45]} d6 {[%clk 1:31:45]} 4. Nf3
{[%clk 1:31:56]} dxe5 {[%clk 1:31:59]} 5. Nxe5 {[%clk 1:32:18]} c6
{[%clk 1:32:19]} 6. Be2 {[%clk 1:32:22]} Bf5 {[%clk 1:31:51]} 7. O-O
{[%clk 1:31:03]} Nd7 {[%clk 1:31:21]} 8. Nf3 {[%clk 1:30:38]} e6 {[%clk 1:31:00]}
9. c4 {[%clk 1:29:31]} N5f6 {[%clk 1:31:06]} 10. Re1 {[%clk 1:17:20]} Be7
{[%clk 1:29:23]} 11. Bf1 {[%clk 1:16:56]} O-O {[%clk 1:26:05]} 12. Nc3
{[%clk 1:15:38]} Re8 {[%clk 1:23:06]} 13. h3 {[%clk 1:09:05]} Bd6
{[%clk 1:07:15]} 14. Qb3 {[%clk 0:58:52]} Qb6 {[%clk 0:57:28]} 15. Qxb6
{[%clk 0:43:46]} axb6 {[%clk 0:57:51]} 16. Be3 {[%clk 0:40:36]} h6
{[%clk 0:50:58]} 17. Rac1 {[%clk 0:39:16]} Ne4 {[%clk 0:42:26]} 18. a3
{[%clk 0:37:59]} Nxc3 {[%clk 0:41:08]} 19. Rxc3 {[%clk 0:38:13]} Nf6
{[%clk 0:24:16]} 20. Rec1 {[%clk 0:31:53]} Bc7 {[%clk 0:22:23]} 21. g4
{[%clk 0:28:57]} Bg6 {[%clk 0:21:24]} 22. Bg2 {[%clk 0:28:34]} Be4
{[%clk 0:18:23]} 23. b4 {[%clk 0:19:38]} Ra4 {[%clk 0:16:51]} 24. Nd2
{[%clk 0:18:49]} Bxg2 {[%clk 0:14:33]} 25. Kxg2 {[%clk 0:19:09]} Rea8
{[%clk 0:13:52]} 26. Nb1 {[%clk 0:19:09]} Rd8 {[%clk 0:12:02]} 27. Rb3
{[%clk 0:16:41]} Ra6 {[%clk 0:09:53]} 28. Nc3 {[%clk 0:14:46]} Raa8
{[%clk 0:09:08]} 29. Kf3 {[%clk 0:10:56]} Rd7 {[%clk 0:08:15]} 30. b5
{[%clk 0:08:44]} e5 {[%clk 0:05:16]} 31. bxc6 {[%clk 0:07:16]} bxc6
{[%clk 0:05:38]} 32. d5 {[%clk 0:07:39]} cxd5 {[%clk 0:04:56]} 33. cxd5
{[%clk 0:07:42]} Bd6 {[%clk 0:03:15]} 34. Rxb6 {[%clk 0:06:12]} e4+
{[%clk 0:02:11]} 35. Kg2 {[%clk 0:04:41]} Bxa3 {[%clk 0:00:58]} 36. Ra1
{[%clk 0:03:43]} Nxd5 {[%clk 0:01:06]} 37. Rb3 {[%clk 0:03:59]} Nxe3+
{[%clk 0:01:16]} 38. fxe3 {[%clk 0:04:14]} Rd2+ {[%clk 0:00:40]} 39. Kf1
{[%clk 0:03:56]} Ra6 {[%clk 0:00:34]} 40. Nxe4 {[%clk 0:03:15]} Rh2
{[%clk 0:01:00]} 41. Raxa3 {[%clk 0:03:34]} Re6 {[%clk 0:00:41]} 42. Nf2
{[%clk 0:03:07]} Rf6 {[%clk 0:01:10]} 43. Ra2 {[%clk 0:03:31]} Rxh3
{[%clk 0:01:03]} 44. Kg2 {[%clk 0:02:56]} Rh4 {[%clk 0:01:12]} 45. Kg3
{[%clk 0:02:34]} g5 {[%clk 0:01:30]} 46. Ra8+ {[%clk 0:02:19]} Kg7
{[%clk 0:01:39]} 47. Rbb8 {[%clk 0:02:05]} Re6 {[%clk 0:02:03]} 48. Re8
{[%clk 0:02:12]} Rxe8 {[%clk 0:02:12]} 49. Rxe8 {[%clk 0:02:34]} h5
{[%clk 0:01:34]} 50. Re5 {[%clk 0:02:30]} f6 {[%clk 0:01:44]} 51. Re7+
{[%clk 0:02:39]} Kg6 {[%clk 0:01:58]} 52. Re6 {[%clk 0:02:47]} Kg7
{[%clk 0:01:05]} 53. gxh5 {[%clk 0:01:16]} Rxh5 {[%clk 0:01:17]} 54. Kg4
{[%clk 0:00:57]} Rh2 {[%clk 0:00:39]} 55. Kg3 {[%clk 0:01:24]} Rh8
{[%clk 0:00:35]} 56. Ne4 {[%clk 0:01:20]} Rh6 {[%clk 0:00:33]} 57. Kg4
{[%clk 0:00:48]} Rh1 {[%clk 0:00:35]} 58. Nxf6 {[%clk 0:00:43]} Kf7
{[%clk 0:00:38]} 59. Ra6 {[%clk 0:00:55]} Rg1+ {[%clk 0:00:35]} 60. Kf5
{[%clk 0:01:16]} Rf1+ {[%clk 0:00:34]} 61. Kxg5 {[%clk 0:01:36]} 1-0

[Event "Ch_SFO"]
[Site "?"]
[Date "2018.03.21"]
[Round "9.10"]
[White "Gontcharov, Vladislav"]
[Black "Ibadov, Dashgyn"]
[Result "1-0"]
[BlackElo "2186"]
[WhiteElo "2448"]
[LiveChessVersion "1.4.8"]

1. d4 {[%clk 1:30:45]} e6 {[%clk 1:30:53]} 2. c4 {[%clk 1:30:22]} Nf6
{[%clk 1:31:12]} 3. Nc3 {[%clk 1:28:52]} c5 {[%clk 1:31:36]} 4. d5
{[%clk 1:27:18]} exd5 {[%clk 1:31:59]} 5. cxd5 {[%clk 1:27:44]} d6
{[%clk 1:32:24]} 6. Nf3 {[%clk 1:26:22]} g6 {[%clk 1:32:41]} 7. Bf4
{[%clk 1:26:38]} Bg7 {[%clk 1:32:24]} 8. e3 {[%clk 1:26:58]} O-O {[%clk 1:32:24]}
9. h3 {[%clk 1:27:11]} a6 {[%clk 1:29:37]} 10. a4 {[%clk 1:27:02]} Re8
{[%clk 1:29:51]} 11. Nd2 {[%clk 1:27:25]} Nh5 {[%clk 1:20:17]} 12. Bh2
{[%clk 1:26:40]} Nd7 {[%clk 1:16:11]} 13. Be2 Qg5 {[%clk 0:35:47]} 14. O-O
{[%clk 1:21:57]} Nb6 {[%clk 0:27:57]} 15. Nde4 {[%clk 1:20:09]} Qh4
{[%clk 0:27:27]} 16. Nxd6 {[%clk 1:18:10]} Rd8 {[%clk 0:27:10]} 17. a5
{[%clk 1:17:26]} Nd7 {[%clk 0:26:41]} 18. Ra4 {[%clk 1:14:20]} 1-0

[Event "Ch_SFO"]
[Site "?"]
[Date "2018.03.21"]
[Round "9.11"]
[White "Piskunov, Alexandr"]
[Black "Boichuk, Alexei"]
[Result "1-0"]
[BlackElo "2125"]
[WhiteElo "2356"]
[LiveChessVersion "1.4.8"]

1. d4 {[%clk 1:27:44]} Nf6 {[%clk 1:30:50]} 2. g3 {[%clk 1:28:02]} e6
{[%clk 1:30:01]} 3. Bg2 {[%clk 1:28:29]} c5 {[%clk 1:30:16]} 4. Nf3
{[%clk 1:28:33]} cxd4 {[%clk 1:29:27]} 5. Nxd4 {[%clk 1:29:00]} a6
{[%clk 1:29:35]} 6. c4 {[%clk 1:29:16]} Be7 {[%clk 1:29:54]} 7. Nc3
{[%clk 1:29:40]} O-O {[%clk 1:30:02]} 8. O-O {[%clk 1:30:07]} Qc7
{[%clk 1:30:20]} 9. e4 {[%clk 1:23:27]} d6 {[%clk 1:19:49]} 10. Qe2
{[%clk 1:23:27]} Nbd7 {[%clk 1:15:34]} 11. Be3 {[%clk 1:21:36]} Ne5
{[%clk 1:10:17]} 12. Rac1 {[%clk 1:21:28]} Bd7 {[%clk 1:09:12]} 13. b3
{[%clk 1:18:08]} Rac8 {[%clk 1:07:44]} 14. h3 {[%clk 1:18:06]} Qb8
{[%clk 1:03:14]} 15. g4 {[%clk 1:15:02]} Rfd8 {[%clk 1:02:38]} 16. g5
{[%clk 1:13:37]} Ne8 {[%clk 1:02:59]} 17. f4 {[%clk 1:14:06]} Nc6
{[%clk 1:02:28]} 18. Nxc6 {[%clk 1:08:03]} Bxc6 {[%clk 0:55:16]} 19. f5
{[%clk 1:07:51]} e5 {[%clk 0:55:23]} 20. f6 {[%clk 1:07:16]} Bf8 {[%clk 0:55:40]}
21. h4 {[%clk 1:04:51]} b5 {[%clk 0:55:14]} 22. Bh3 {[%clk 1:04:46]} Rc7
{[%clk 0:54:37]} 23. fxg7 {[%clk 1:01:44]} Nxg7 {[%clk 0:53:13]} 24. Nd5
{[%clk 1:02:12]} Bxd5 {[%clk 0:53:32]} 25. cxd5 {[%clk 1:02:40]} Be7
{[%clk 0:49:12]} 26. Bg4 {[%clk 1:01:04]} Rf8 {[%clk 0:49:12]} 27. Rxc7
{[%clk 1:00:40]} Qxc7 {[%clk 0:49:37]} 28. Rc1 {[%clk 1:01:08]} Qa5
{[%clk 0:42:19]} 29. Qc2 {[%clk 1:00:02]} Bd8 {[%clk 0:39:49]} 30. Kg2
{[%clk 0:58:59]} Qb4 {[%clk 0:36:31]} 31. Bf3 {[%clk 0:50:47]} f5
{[%clk 0:27:58]} 32. Qd2 {[%clk 0:49:58]} Qa3 {[%clk 0:24:48]} 33. Rc8
{[%clk 0:49:49]} fxe4 {[%clk 0:16:57]} 34. Bxe4 {[%clk 0:49:47]} Nh5
{[%clk 0:17:19]} 35. Bb1 {[%clk 0:48:35]} Qa5 {[%clk 0:10:39]} 36. Qc2
{[%clk 0:46:49]} Rf7 {[%clk 0:08:15]} 37. b4 {[%clk 0:47:08]} 1-0